000 01481nam a2200349 a 4500
001 ebr10096103
003 CaPaEBR
006 m u
007 cr cn|||||||||
008 050303s2004 enkb sb 001 0 eng d
010 _z 2005271300
020 _z0719069769
040 _aCaPaEBR
_cCaPaEBR
035 _a(OCoLC)84860078
043 _ae-fr---
050 1 4 _aBX1529
_b.F675 2004eb
082 0 4 _a262.1224409032
_222
100 1 _aForrestal, Alison.
245 1 0 _aFathers, pastors and kings
_h[electronic resource] :
_bvisions of episcopacy in seventeenth-century France /
_cAlison Forrestal.
260 _aManchester ;
_aNew York :
_bManchester University Press ;
_aNew York :
_bDistributed in USA by Palgrave,
_c2004.
300 _a262 p. :
_b1 map.
490 1 _aStudies in early modern European history
504 _aIncludes bibliographical references (p. [232]-253) and index.
533 _aElectronic reproduction.
_bPalo Alto, Calif. :
_cebrary,
_d2013.
_nAvailable via World Wide Web.
_nAccess may be limited to ebrary affiliated libraries.
610 2 0 _aCatholic Church
_xBishops
_zFrance
_xHistory
_y17th century.
650 0 _aEpiscopacy.
651 0 _aFrance
_xChurch history
_y17th century.
655 7 _aElectronic books.
_2local
710 2 _aebrary, Inc.
830 0 _aStudies in early modern European history.
856 4 0 _uhttp://site.ebrary.com/lib/rucke/Doc?id=10096103
_zAn electronic book accessible through the World Wide Web; click to view
999 _c98077
_d98077